000 00809nam a2200229Ia 4500
005 20241129111402.0
008 241129s9999||||xx |||||||||||||| ||und||
020 _a978-93-91993-65-8
037 _aTB
040 _aCRL
_bhin
_cCRL
041 _ahin
_2hin
084 _aO15,3D63,1 152R3
_qCRL
100 _aसंजय कुमार, संपा.
245 0 _aदशकुमारचरितम्
_cसंजय कुमार, संपा.
260 _aनई दिल्ली, भारत
_bसत्यम् पब्लिशिंग हाउस
_c2023
300 _a132पृ0
365 _aINR
_b500
546 _aTranslated from Sanskrit to Hindi
650 _aSanskrit LiteratureFiction
_9726340
942 _cTB
_hO15,3D63,1 152R3
999 _c1230222
_d1230222